000 00515nam a2200193Ia 4500
003 OSt
005 20230405113345.0
008 210423s2005 xx 000 0 und d
040 _cAL
041 _aeng
082 _a659.1
_223
_b STAM
100 _aSTAFFORD (Marla R);FABER (Ronald J).
_983269
245 _aAdvertising promotion and new media.
260 _aNew Delhi
_bOxford & IBH
_c2005
300 _axii,380.
365 _b295
_cINR
906 _aAdvertising ; Media. ; New ; Promotion
942 _2ddc
_cBK
999 _c156897
_d156897